1234 1613 1793 1834 1394 1741 1349 1907 1619 1009 1304 1800 1671 1398 1395 1181 1434 1869 1958 1085 1314 1058 1644 1317 1465 1142 1761 1131 1651 1061 1908 1677 1037 1569 1247 1346 1480 1224 1369 1388 1870 1604 1473 1062 1264 1171 1367 1513 1393 1400 1736 1202 1151 1341 1969 1356 1260 1468 1694 1858 1655 1129 1878 1428 1723 1912 1575 1675 1540 1248 1745 1346 1563 1738 1346 1215 1625 1023 1987 1773 1280 1168 1798 1582 1860 1848 1434 1610 1008 1255 1944 1355 1816 1070 1832 1511 1528 1968 1523 BCNSPRNW ULIB Ver.6.0+V

เปลี่ยนเป็นภาษาไทย

Change to English
 แสดงรายละเอียดบรรณานุกรม
  กลับหน้าหลัก

Brief Record : Get Marc (ISO 2709) : E-mail record : QR code < ปิดหน้าต่าง
LEADER : 00000nam 2200000uu 4500
001    13399125860
003     ULIB
008    020711s2016 th a 000 0 eng d
020    ^a9780826123251
060    ^aWY20.5^bB-D
100    ^aBack, Chery Tatano.
245    ^aDeveloping a program of research in nursing/^bBack, Chery Tatano.
260    ^aNew York :^bSpringer Publishing Company,^c2016
300    ^a166 pages;^c22 cm
650    ^aNursing Research
650  0 ^aProgram Development-methods
650  0 ^aResearch Design
945    ^p1598^l0^i003242
999    ^aประนอม เกษจรัล
รายการนี้ยังไม่มีแท็ก
คุณยังไม่ได้ล็อกอิน คุณสามารถมีกิจกรรมร่วมกับเว็บไซต์ได้ แต่ต้องล็อกอินก่อน ::
  ล็อกอิน

รายการสื่อสารสนเทศ

ลำดับที่ ประเภท เลขเรียก/บาร์โค้ด สถานที่ สถานะ
1. วิทยาศาสตร์การแพทย์ และสุขภาพ
หนังสือสำรอง
สถานะ=หนังสือสำรอง
WY20.5 B-D ฉ.1 
  Barcode: 003242
ห้องสมุดวิทยาเขตสวรรค์ประชารักษ์
►หนังสือทั่วไป
บนชั้น

รายการใกล้เคียง
    หัวเรื่อง [Nursing Research]
    หัวเรื่อง [Research Design]

BibComment


ยังไม่เคยถูกคอมเมนท์

คอมเมนท์ทรัพยากรรายการนี้
  คอมเมนท์: Developing a pro..


 Copyright 2026. Bcnsprnw @Library